Statistics for Top 30 Songs of 1984

Click here to take the quiz!

General Stats

  • This quiz has been taken 30 times
    (20 since last reset)
  • The average score is 13 of 30

Answer Stats

#ArtistSong% Correct
6Van Halen"Jump"
82%
4Kenny Loggins"Footloose"
76%
9Ray Parker, Jr"Ghostbusters"
76%
15Cyndi Lauper"Girls Just Want To Have Fun"
65%
10Culture Club"Karma Chameleon"
65%
1Prince"When Doves Cry"
65%
26Rockwell"Somebody's Watching Me"
59%
7Lionel Richie"Hello"
53%
23Thompson Twins"Hold Me Now"
53%
13Deniece Williams"Let's Hear It For The Boy"
53%
11John Waite"Missing You"
53%
2Tina Turner"What's Love Got To Do With It"
53%
12Lionel Richie"All Night Long (All Night)
47%
14Bruce Springsteen"Dancing in the Dark"
47%
8Yes"Owner of a Lonely Heart"
47%
3Paul McCartney and Michael Jackson"Say Say Say"
47%
19The Romantics"Talking In Your Sleep"
41%
17Cyndi Lauper"Time After Time"
41%
28Nena"99 Luftballons"
35%
5Phil Collins"Against All Odds (Take a Look at Me Now)
35%
25Stevie Wonder"I Just Called To Say I Love You"
35%
21Prince and The Revolution"Let's Go Crazy"
35%
16Duran Duran"The Reflex"
35%
18The Pointer Sisters"Jump (For My Love)"
29%
20Laura Branigan"Self Control"
29%
27Matthew Wilder"Break My Stride"
24%
29Dan Hartman"I Can Dream About You"
24%
30Sheila E."The Glamorous Life"
24%
24Kool & The Gang"Joanna"
12%
22Hall & Oates"Say It Isn't So"
0%

Score Distribution

Percentile by Number Answered

Percent of People with Each Score

Your Score History

You have not taken this quiz since the last reset